[Event "Moscow op-C 04th (Women)"]
[Site "Moscow"]
[Date "2008.02.05"]
[Round "4"]
[White "Shalukhina, Tatyana"]
[Black "Shulakova, Svetlana"]
[Result "0-1"]
[WhiteElo "1972"]
[BlackElo "2190"]
[PlyCount "47"]
[EventDate "2008.02.02"]
[EventType "swiss"]
[EventRounds "9"]
[EventCountry "RUS"]
[SourceTitle "CBM 122 Extra"]
[Source "ChessBase"]
[SourceDate "2008.03.04"]
[SourceVersion "1"]
[SourceVersionDate "2008.03.04"]
[SourceQuality "1"]

1. e4 c5 2. Nf3 e6 3. d4 cxd4 4. Nxd4 Nf6 5. Bd3 Nc6 6. Be3 d5 7. exd5 Nxd5 8. Nxc6 bxc6 9. Bd2 Bd6 10. Qf3 Bd7 11. a3 Qb8 12. c4 Nf4 13. Be4 Qxb2 14. 0-0 Qxa1 15. Bxc6 Rd8 16. g3 Ng6 17. Bc3 Qa2 18. Rd1 0-0 19. Bxd7 Rxd7 20. c5 Bxc5 21. Rxd7 Qxb1+ 22. Kg2 Qa2 23. h4 f6 24. Rd2 0-1

[Event "Almaty Seimar op"]
[Site "Almaty"]
[Date "2007.08.19"]
[Round "2"]
[White "Kassimov, Baurzhan"]
[Black "Shalukhina, Tatyana"]
[Result "1-0"]
[WhiteElo "2250"]
[BlackElo "1977"]
[PlyCount "107"]
[EventDate "2007.08.18"]
[EventType "swiss"]
[EventRounds "9"]
[EventCountry "KAZ"]
[SourceTitle "EXT 2022"]
[Source "ChessBase"]
[SourceDate "2021.10.06"]
[SourceVersion "1"]
[SourceVersionDate "2021.10.06"]
[SourceQuality "1"]

1. e4 c5 2. Nf3 e6 3. c4 a6 4. Nc3 Qc7 5. Be2 d6 6. d4 cxd4 7. Nxd4 Nf6 8. 0-0 Nbd7 9. Be3 Be7 10. Rc1 0-0 11. f4 b6 12. f5 Ne5 13. fxe6 fxe6 14. h3 Bd7 15. Qb3 Qc8 16. Nf3 Nf7 17. a4 Rb8 18. Qa3 Qb7 19. e5 Nh5 20. Rfd1 Ng3 21. Bf4 Nxe2+ 22. Nxe2 Qe4 23. exd6 Bf6 24. Qe3 Qg6 25. Ne5 Nxe5 26. Bxe5 Bg5 27. Bf4 Bxf4 28. Nxf4 Qh6 29. Rf1 Rf5 30. c5 bxc5 31. Rxc5 e5 32. Rxe5 Qxd6 33. Rxf5 Bxf5 34. Qc5 Qd7 35. Qc4+ Kh8 36. Qxa6 h6 37. Qe2 Qd4+ 38. Rf2 Rb3 39. a5 Re3 40. Qd2 Qe5 41. Re2 Rxe2 42. Nxe2 Qe6 43. Ng3 Bg6 44. b4 Qe5 45. Ne2 Qa1+ 46. Kf2 Qe5 47. Qf4 Qb5 48. Ke3 Qd3+ 49. Kf2 Qb5 50. h4 Bd3 51. Nc3 Qa6 52. Qd4 Bf1 53. g4 Bh3 54. Ke3 1-0

[Event "Almaty Seimar op"]
[Site "Almaty"]
[Date "2007.08.18"]
[Round "1"]
[White "Issabayev, Dias"]
[Black "Shalukhina, Tatyana"]
[Result "1-0"]
[WhiteElo "2237"]
[BlackElo "1977"]
[PlyCount "63"]
[EventDate "2007.08.18"]
[EventType "swiss"]
[EventRounds "9"]
[EventCountry "KAZ"]
[SourceTitle "EXT 2022"]
[Source "ChessBase"]
[SourceDate "2021.10.06"]
[SourceVersion "1"]
[SourceVersionDate "2021.10.06"]
[SourceQuality "1"]

1. Nf3 Nf6 2. c4 g6 3. Nc3 Bg7 4. e4 d6 5. d4 0-0 6. Be2 c5 7. d5 Na6 8. 0-0 Nc7 9. a3 a6 10. Rb1 b5 11. cxb5 axb5 12. b4 Bg4 13. bxc5 dxc5 14. h3 Bxf3 15. Bxf3 Rb8 16. Bf4 Nfe8 17. e5 f6 18. d6 fxe5 19. dxc7 Qxc7 20. Bh2 Nd6 21. Qd5+ Nf7 22. Nxb5 Qa5 23. Qxc5 Rfc8 24. Qb4 Qd8 25. Rfd1 Qf8 26. Bd5 Kh8 27. Bxf7 Qxf7 28. Qe4 Qf6 29. Na7 Rg8 30. Bg3 Ra8 31. Nc6 Ra6 32. Nxe5 1-0